Focus sur: Elurín - Tolkien - Statistiques

Statistiques générales
  • Ce quiz a été pris 5 fois
  • Le résultat moyen est 8 sur 10
Statistiques - réponses
Informations recherchées Réponses % Correct
Espèce Elfe
100%
Première apparition Le Silmarillion
100%
Age durant lequel il vécut Premier
100%
Groupe de l'espèce Sindar
100%
Royaume Doriath
75%
Frère Eluréd
75%
Père Dior Eluchíl
50%
Sœur Elwing
50%
Cité Menegroth
50%
Mère Nimloth
50%
Aucun quiz correspondant
Distribution des résultats
% des personnes avec chaque résultat
Percentile par nombre de réponses
Votre historique - résultats
Vous n’avez pas pris ce quiz